Crypto Economy and International Law : Determining the Regulatory and Private Law Rules Governing the Blockchain /
The blockchain is the world's first truly global mechanism for the transfer and storage of value. The distribution of its nodes all around the world and the resulting 'omniterritorial' nature of the blockchain create enormous challenges for the law. This book discusses the technologic...
المؤلف الرئيسي:
التنسيق: كتاب الكتروني
اللغة: English
منشور في:
Leiden ; Boston :
Brill | Nijhoff,
2025.
سلاسل:
Human Rights and Humanitarian Law E-Books Online, Collection 2025.
The Hague Academy of International Law Monographs ;
12.
الموضوعات:
الوصول للمادة أونلاين: Login to view Source
الوسوم: إضافة وسم
رقم الطلب: KZ3410
| LEADER | 02685nam a22004818i 4500 | ||
|---|---|---|---|
| 001 | BRILL9789004725140 | ||
| 003 | nllekb | ||
| 005 | 20250818030515.0 | ||
| 006 | m d | ||
| 007 | cr un uuuua | ||
| 008 | 250207s2025 gw sb 001 0 eng d | ||
| 020 | |a 9789004725140 |q (electronic book) | ||
| 020 | |z 9789004725133 |q (print) | ||
| 024 | 7 | |a 10.1163/9789004725140 |2 DOI | |
| 035 | |z (OCoLC)1477212551 | ||
| 040 | |a NL-LeKB |c NL-LeKB |e rda | ||
| 041 | |a eng | ||
| 050 | 4 | |a KZ3410 | |
| 072 | 7 | |a LAM |2 bicssc | |
| 072 | 7 | |a LAW |x 016000 |2 bisacsh | |
| 082 | 0 | 4 | |a 341 |2 23 |
| 100 | 1 | |a Lehmann, Matthias, |e author. | |
| 245 | 1 | 0 | |a Crypto Economy and International Law : |b Determining the Regulatory and Private Law Rules Governing the Blockchain / |c Matthias Lehmann. |
| 246 | 3 | |a Determining the Regulatory and Private Law Rules Governing the Blockchain | |
| 264 | 1 | |a Leiden ; |a Boston : |b Brill | Nijhoff, |c 2025. | |
| 264 | 4 | |c ©2025 | |
| 300 | |a 1 online resource (296 pages) : |b illustrations. | ||
| 336 | |a text |b txt |2 rdacontent | ||
| 337 | |a computer |b c |2 rdamedia | ||
| 338 | |a online resource |2 rdacarrier | ||
| 490 | 1 | |a Human Rights and Humanitarian Law E-Books Online, Collection 2025 | |
| 490 | 1 | |a The Hague Academy of International Law Monographs ; |v 12 | |
| 504 | |a Includes bibliographical references and index. | ||
| 520 | |a The blockchain is the world's first truly global mechanism for the transfer and storage of value. The distribution of its nodes all around the world and the resulting 'omniterritorial' nature of the blockchain create enormous challenges for the law. This book discusses the technological and philosophical underpinnings of the new crypto phenomena. It describes the varying approaches of regulators of different states to capture these phenomena with traditional or new rules. It also addresses the difficulties in determining the applicable private law, in particular the property rules governing virtual assets. The book showcases the conflicts, issues and problems that result from overlapping national rules and suggests avenues for their solution. | ||
| 546 | |a English | ||
| 588 | |a Description based on print version record. | ||
| 650 | 0 | |a International law. | |
| 776 | 0 | 8 | |i Print version: |t Crypto Economy and International Law : Determining the Regulatory and Private Law Rules Governing the Blockchain. |d Leiden ; Boston : Brill | Nijhoff, 2025. |z 9789004725133 |
| 830 | 0 | |a Human Rights and Humanitarian Law E-Books Online, Collection 2025. | |
| 830 | 0 | |a The Hague Academy of International Law Monographs ; |v 12. | |
| 856 | 4 | |z DOI: |u http://dx.doi.org/10.1163/9789004725140 | |
| 942 | |2 lcc |c EBOOK | ||
| 999 | |c 61076 |d 61076 | ||
